00187nam a2200073Ia 4500008004100000100001500041245003200056260002500088170817s9999 xx 000 0 und d asharma.R.K 0aJansankhya Shiksha Shikshan bRadha Prakashan Agra